000 01923cab a2200301 ab4500
005 20240212113608.0
008 991125c2017 sp fr p o 000 0 spa d
035 _aUPN01000221640
040 _aMX-MxUPN
_bspa
_cMX-MxUPN
_eaacr2
049 _aART-E
100 1 _aPaniagua, Antonio
100 1 _uapaniaguc@alumnos.unex.es
100 1 _aLuengo, Ricardo
100 1 _aTorres Carvalho
100 1 _uCasas, Luis Manuel
245 1 0 _aBlended learning en la formación permanente del profesorado :
_baportaciones de asesores de formación sobre modalidades formativas
_h[recurso electrónico en línea]
506 0 _aAcceso abierto
520 3 _aLa revisión de los sistemas educativos en España pone de manifiesto la necesidad de encontrar nuevos enfoques en la formación permanente del profesorado de los niveles previos a la Universidad. Este estudio toma la experiencia de un grupo de asesores de formación permanente para realizar un análisis cualitativo de las ventajas e inconvenientes de las modalidades de formación que se emplean tradicionalmente y definir los parámetros básicos de modalidades más acordes con las necesidades del profesorado como sucede con el proceso combinado propuesto por el paradigma de blended learning. A través de una metodología abierta, los participantes reflexionan libremente sobre estas materias, llegando a conclusiones similares a las de otros estudios realizados hasta la fecha. El tratamiento de estos relatos se realiza informáticamente para favorecer una interpretación precisa de los datos recopilados. RED.
653 0 _aFormación docente
653 0 _aInnovación educativa
653 0 _aB-Learning
653 0 _aTIC
773 _gNo. 52 (2017), p. 1-15
_tRED : revista de educación a distancia
_x1578-7680
856 4 _uhttp://www.um.es/ead/red/52/paniagua_et_al.pdf
902 _bLeonor Sotres/120224
905 _aArticulo
942 _cART-E
999 _c193737
_d193737